Apps by Pictures #2 - Statistics

General Stats
  • This quiz has been taken 11 times
  • The average score is 11 of 16
Answer Stats
Picture Answer % Correct
Amazon
100%
Gmail
100%
Instagram
100%
Pinterest
100%
Skype
100%
YouTube
100%
Excel
82%
Reddit
82%
Tinder
82%
Internet Explorer
73%
PowerPoint
73%
Teams
55%
Opera
45%
Gojek
18%
Pascal
9%
Unikey
9%
No matching quizzes found
Score Distribution
Percent of People with Each Score
Percentile by Number Answered
Your Score History
You have not taken this quiz